| 000 | 01269nac a22002531u 4500 | ||
|---|---|---|---|
| 010 | _a2003014942 | ||
| 020 | _a1591401569 (hardcover) | ||
| 020 | _a1591401577 (ebook) | ||
| 082 | 0 | 0 |
_a006.7 _bD2861 |
| 090 |
_c706 _d706 |
||
| 100 | _a20080729 | ||
| 245 | 0 | 0 |
_aMultimedia systems and content-based image retrieval / _cSagarmay Deb, [editor]. |
| 260 |
_aHershey, PA : _bIdea Group Pub., _cc2004. |
||
| 300 |
_axiii, 388 p. : _bill. ; _c26 cm. |
||
| 504 | _aIncludes bibliographical references and index. | ||
| 505 | 0 | _aAn Introduction to multimedia systems and content-based image retrieval -- Multimedia structures and security -- Multimedia access and feature extraction techniques -- Multimedia content analyses -- Multimedia indexing techniques -- Content-based and semantic search and retrieval methods -- Dynamic user interface. | |
| 650 | 0 | _aMultimedia systems. | |
| 650 | 0 |
_aImage processing _xDigital techniques. |
|
| 650 | 0 | _aDatabase management. | |
| 700 | 1 |
_aDeb, Sagarmay, _d1953- |
|
| 856 | 4 | 1 |
_3Table of contents _uhttp://www.loc.gov/catdir/toc/ecip046/2003014942.html |
| 942 |
_cBB _k006.7D2861 |
||
| 999 |
_c706 _d706 |
||